000 00862nam a2200205Ii 4500
003 JO-AjNU
008 230605s9999||||xx |||||||||||||| ||und||
017 _a2012/2028
040 _aJO-AjNU
_bara
_erda
_cJO-AjNU
041 _aara
050 1 4 _aJF1525.2012
100 3 _aالمنظمة العربية للتنمية الإدارية,
_eauthor
_934395
245 0 0 _aتنمية المهارات القانونية والإدارية للقيادات ودورها في مكافحة الفساد "بحوث وأوراق عمل"
264 3 1 _aد،م: المنظمة العربية للتنمية الإدارية، 2012
300 _a365ص
336 _atext
_btxt
_2rdacontent
337 _aunmediated
_bn
_2rdamedia
338 _avolume
_bnc
_2rdacarrier
650 4 _aمهارات قانونية -- مهارات إدارية -- مكافحة الفساد
_934396
999 _aA14099
_c17667
_d17667